000 01347cam a2200361 a 4500
003 CHAP
005 20251203094732.0
008 041013d2002 mx r 10100 spa d
010 _a88922
011 _a89894
020 _a9688848832
035 _a100446
040 _cCHAP
082 0 4 _a338.162
_bF6
111 0 0 _aForo Nacional Agricultura Sostenible : enfoques y perspectivas (
_d2002 :
_cChapingo, Méx.)
_942479
245 1 0 _aMemoria
_c/por María del Rocío Romero Lima (y otros)
260 _aChapingo, Méx. :
_bUACH.Programas Universitarios de Investigación en Agricultura Orgánica, Agricultura sustentable, Agroforestería,
_c2002.
300 _a132 p.
590 _aBATCH-UPD
_b10
_c20130110
_lUCH01
_h0646
590 _aBATCH-UPD
_b10
_c20130110
_lUCH01
_h2356
590 _aBATCH-UPD
_b10
_c20130410
_lUCH01
_h0330
590 _aBATCH-UPD
_b10
_c20130410
_lUCH01
_h1642
590 _aBATCH-UPD
_b10
_c20130913
_lUCH01
_h2224
590 _aCONVERSION
_b10
_c20130109
_lUCH01
_h1349
650 1 4 _aAgricultura orgánica.
_92005
650 1 4 _aAgricultura sustentable.
700 1 0 _aRomero Lima, María del Rocío Leticia
_999608
710 0 0 _aSociedad Mexicana de Agricultura Sostenible
_9108078
901 _aBK
905 _aAlejandra carrasco M.
942 _cLIBRO
949 _a338.162 F6
_bBC
_cUACH
_d1004461
_eUACH
_h104725
_i100446
_sb
999 _c88922
_d88922